DEGOWIN'S DIAGNOSTIC EXAMINATION. (Record no. 216954)

MARC details
000 -LEADER
fixed length control field 00599nam a22001937a 4500
008 - FIXED-LENGTH DATA ELEMENTS--GENERAL INFORMATION
fixed length control field 260414b |||||||| |||| 00| 0 eng d
020 ## - INTERNATIONAL STANDARD BOOK NUMBER
International Standard Book Number 978-1-25-925147-4
050 ## - LIBRARY OF CONGRESS CALL NUMBER
Classification number RC 76 .D44 2015
100 ## - MAIN ENTRY--PERSONAL NAME
Personal name LEBLOND, RICHARD F.
245 ## - TITLE STATEMENT
Title DEGOWIN'S DIAGNOSTIC EXAMINATION.
250 ## - EDITION STATEMENT
Edition statement 10TH
260 ## - PUBLICATION, DISTRIBUTION, ETC.
Place of publication, distribution, etc. NEW YORK,
Name of publisher, distributor, etc. MC GRAW HILL EDUCATION,
Date of publication, distribution, etc. 2015
300 ## - PHYSICAL DESCRIPTION
Extent XXXIV, 851 P, ILL
500 ## - GENERAL NOTE
General note INCLUDES INDEX
650 ## - SUBJECT ADDED ENTRY
Topical term or geographic name entry element 1. DIAGNOSIS 2. PHYSICAL EXAMINATION 3. MEDICAL HISTORY TAKING
700 ## - ADDED ENTRY--PERSONAL NAME
Personal name BROWN, DONALD D. 2. SUNEJA, MANISH.
942 ## - ADDED ENTRY ELEMENTS (KOHA)
Source of classification or shelving scheme Library of Congress Classification
Koha item type Long Loan Book
Holdings
Withdrawn status Lost status Source of classification or shelving scheme Damaged status Not for loan Collection Home library Current library Shelving location Date acquired Inventory number Total checkouts Full call number Barcode Date last seen Copy number Price effective from Koha item type
    Library of Congress Classification     Medicine Kisii University Library Kisii University Library On Display 04/14/2026 112878   RC 76 .D44 2015 a001525 04/14/2026 1 04/14/2026 Long Loan Book
    Library of Congress Classification     Medicine Kisii University Library Kisii University Library On Display 04/14/2026 112879   RC 76 .D44 2015 a001528 04/14/2026 2 04/14/2026 Long Loan Book
    Library of Congress Classification     Medicine Kisii University Library Kisii University Library On Display 04/14/2026 112880   RC 76 .D44 2015 a001530 04/14/2026 3 04/14/2026 Long Loan Book
    Library of Congress Classification     Medicine Kisii University Library Kisii University Library On Display 04/14/2026 112881   RC 76 .D44 2015 a001521 04/14/2026 4 04/14/2026 Long Loan Book